|
|
|
|
| LEADER |
00000nam0a2200000 4500 |
| 001 |
352504 |
| 005 |
20231102010514.0 |
| 035 |
|
|
|a (RuTPU)RU\TPU\retro\9125
|
| 090 |
|
|
|a 352504
|
| 100 |
|
|
|a 20200115d1927 k y0rusy50 ca
|
| 101 |
0 |
|
|a rus
|
| 102 |
|
|
|a RU
|
| 105 |
|
|
|a y z 001zy
|
| 200 |
1 |
|
|a О природе коксующихся углей
|e [отдельный оттиск]
|f М. К. Коровин
|
| 210 |
|
|
|a Томск
|d 1927
|
| 215 |
|
|
|a 7 с.
|
| 225 |
1 |
|
|a Известия Научно-Технического Кружка Горного Факультета Сибирского Технологического Института
|
| 316 |
|
|
|5 63413507: ШкА/526
|a На с. 1 дарственная надпись: "В Библиотеку Сиб. Техн. Ин-та"
|
| 316 |
|
|
|5 63413507: ШкА/656
|a На обложке дарственная надпись: "Глубокоуважаемому Аркадию Валерьяновичу Лаврскому М. Коровин"
|
| 320 |
|
|
|a Библиогр.: с. 7
|
| 606 |
1 |
|
|a Коксующиеся угли
|x Качество
|2 stltpush
|3 (RuTPU)RU\TPU\subj\33217
|9 55517
|
| 610 |
1 |
|
|a труды учёных ТПУ
|
| 610 |
1 |
|
|a оттиски
|
| 610 |
1 |
|
|a дарственные надписи
|
| 610 |
1 |
|
|a дары автора
|
| 610 |
1 |
|
|a дары библиотеке
|
| 610 |
1 |
|
|a частные случаи
|
| 610 |
1 |
|
|a изучение
|
| 610 |
1 |
|
|a свойства
|
| 610 |
1 |
|
|a коксование
|
| 610 |
1 |
|
|a Коллекция ТПУ
|
| 610 |
1 |
|
|a Коллекция А. В. Лаврского
|
| 675 |
|
|
|a 662.741
|v 4
|
| 700 |
|
1 |
|a Коровин
|b М. К.
|c российский геолог
|c профессор Томского технологического института
|f 1883-1956
|g Михаил Калинникович
|2 stltpush
|3 (RuTPU)RU\TPU\pers\13856
|
| 801 |
|
1 |
|a RU
|b 63413507
|c 20200115
|
| 801 |
|
2 |
|a RU
|b 63413507
|c 20211006
|g RCR
|
| 942 |
|
|
|c BK
|